000 00680cam a22002292 4500
001 0000024914
005 20151217152307.0
008 140328s xx 000 0 eng d
020 _a1907816062 :
040 _aKABU
_cKABU
245 1 0 _aChest x-ray interpretation /
_cMike Darby ... [et al.].
250 _a1st ed.
260 _aLondon :
_bJP Medical,
_c2012.
300 _aix, 221 p.
650 0 _aChest
_xDiseases
_xDiagnosis.
_@0000185197
650 0 _aDiagnosis, radioscopic.
_@0000182587
650 0 _aXrays.
_@0000185198
700 1 _aDarby, Mike.
_@0000185199
852 1 _9p1950 KES
908 _a140328
950 _@1
999 _c10421
_d10421